000 00759nam a2200229 a 4500
999 _c547
_d547
001 547
003 BD-JhCC
005 20171012175446.0
008 171007s1996 bg |||| |||| 001 0 নডস d
020 _a9844460395
035 _a(BD-JhCC) 547
040 _aBD-JhCC
_dBD-JhCC
041 _aben
082 _a891.443
_bWAL 1996
100 _aওয়ালীউল্লাহ্, সৈয়দ
245 _aউপন্যাসসমগ্র /
_cসৈয়দ ওয়ালীউল্লাহ্
260 _aঢাকা;
_bপ্রতীক,
_c১৯৯৬
300 _a২৬২ পৃ.;
_c২২ সে. মি.
650 _aBengali Novel
_xCollective of Novel
942 _2ddc
_cBK